000 00346nam a2200133Ia 4500
008 240624s9999 xx 000 0 und d
041 _aeng
082 _a658.3 MAH
100 _aMAHADEVAN JASMINE
245 _aCASES IN CRITICAL CROSS CULTURAL MANAGEM
260 _c2020
_aLondon
_bRoutledge
300 _axvi, 212 p.; 23 cm.
365 _cBPS
_b31
999 _c31959
_d31959